Entry Personal Name
Number of records used in: 1
001 - CONTROL NUMBER
003 - CONTROL NUMBER IDENTIFIER
005 - DATE AND TIME OF LATEST TRANSACTION
- control field:
20200120145905.0
008 - FIXED-LENGTH DATA ELEMENTS
- fixed length control field:
910916n| azannaabn |n aaa
010 ## - LIBRARY OF CONGRESS CONTROL NUMBER
- LC control number:
n 91093745
035 ## - SYSTEM CONTROL NUMBER
- System control number:
(CaEvSKY)skya3738403
035 ## - SYSTEM CONTROL NUMBER
- System control number:
(OCoLC)oca03021328
040 ## - CATALOGING SOURCE
- Original cataloging agency:
DLC
- Language of cataloging:
eng
- Description conventions:
rda
- Transcribing agency:
DLC
- Modifying agency:
MX-SlUA
- Modifying agency:
OCoLC
100 1# - HEADING--PERSONAL NAME
- Personal name:
Cooper, M. Bixby
373 ## - ASSOCIATED GROUP
- Associated group:
Michigan State University
- Source of term:
naf
375 ## - GENDER
- Gender:
Males
- Source of term:
lcdgt
377 ## - ASSOCIATED LANGUAGE
670 ## - SOURCE DATA FOUND
- Source citation:
Bowersox, D.J. Strategic marketing channel management, c1992:
- Information found:
CIP t.p. (M. Bixby Cooper; Michigan State Univ.)
670 ## - SOURCE DATA FOUND
- Source citation:
Administración y logística en la cadena de suministros, ©2007:
- Information found:
title page (M. Bixby Cooper)